| 000 | 02724cam a22004814i 4500 | ||
|---|---|---|---|
| 003 | PE-LiUPU | ||
| 005 | 20250731173429.0 | ||
| 008 | 150706s r 000 0 d | ||
| 020 | _a9781576585429 | ||
| 035 | _a(Sirsi) i9781576585429 | ||
| 040 |
_aPE-LiUPU _bspa _cPE-LiUPU _erda |
||
| 049 | _aPRUA | ||
| 082 | 0 | 4 |
_a248.8 _bM58 _221 |
| 100 | 1 |
_aMiller, Darrow L., _eautor. |
|
| 245 | 1 | 0 |
_aVida, trabajo y vocación : _buna teología bíblica del quehacer cotidiano / _cDarrow L. Miller y Marit Newton. |
| 264 | 1 |
_aTyler, Texas : _bJUCUM, _c2011. |
|
| 300 |
_a397 páginas : _bilustraciones ; _c24 cm. |
||
| 336 |
_atext _2rdacontent |
||
| 337 |
_aunmediated _2rdamedia |
||
| 338 |
_avolume _2rdacarrier |
||
| 505 | 0 | _aEl paradigma deficiente -- Cosmovisiones en acción -- ¿Cómo llegamos hasta aquí?: el dualismo a lo largo de la historia -- La dicotomía: sagrado-secular: toda una cosmovisión -- Un Señor, una esfera: parábola -- Coram Deo: ante la faz de Dios -- Primeros pasos hacia una teología bíblica de la vocación -- La necesidad de una teología bíblica de la vocación -- La meta-narrativa esencial -- El mandato cultural -- Cultura: donde lo físico y lo espiritual confluyen -- Elementos del mandato cultural -- La caída, la cruz y la cultura -- La vocación existencial -- El llamamiento general: a la vida -- El llamamiento particular: Al trabajo -- Características de la avocación existencial -- La economía de la vocación existencial -- Mayordomía: la ética protestante -- La economía de la dádiva: la compasión generosa -- A todo el mundo -- El reino avanza de adentro hacia afuera -- Las puertas de la ciudad -- Los dominios -- El gran mandamiento -- Iglesias sin muros -- El servicio del vigía -- El cuerpo de Cristo: Iglesias sin muros -- Negocien mientas vengo. | |
| 526 | _aSEG42 | ||
| 526 | _aSEG41 | ||
| 526 | _aSEG40 | ||
| 526 | _aSEG39 | ||
| 526 | _aP94 | ||
| 526 | _aP87 | ||
| 526 | _aP86 | ||
| 526 | _aP85 | ||
| 526 | _aP77 | ||
| 526 | _aP76 | ||
| 526 | _aP35 | ||
| 541 | _g001-0000622; | ||
| 650 | 0 | 4 |
_aVocación _xCristianismo. |
| 650 | 0 | 4 |
_aVocación _xEnseñanza Bíblica. |
| 700 | 1 |
_aNewton, Marit, _d1976- , _eautor. |
|
| 910 |
_clch _d20130510 |
||
| 942 |
_2ddc _cBOOK |
||
| 949 |
_a248.8 M58 _wDEWEY _c1 _i67042 _lCCODEBUL1 _mBUL _p18.00 _r0 _sY _tBOOK _u2015-7-6 _xTEOLOGIA _PP35 _o.STAFF. Colección General |
||
| 994 |
_aC0 _bPEPRU |
||
| 596 | _a1 | ||
| 999 |
_a248.8 M58 _wDEWEY _c54748 _i67042 _d54748 _f2021-11-10 _g5 _lCCODEBUL1 _mBUL _p18.00 _q1 _r0 _sY _tBOOK _u2015-7-6 _xTEOLOGIA _PP35 _0COMPRA _o.STAFF. Colección General |
||
| 980 |
_81 _gALBERTO SANCHEZ Responsable de Automatización |
||